MARC details
| 000 -CABECERA |
| campo de control de longitud fija |
02677nam a2200301 4500 |
| 003 - IDENTIFICADOR DEL NÚMERO DE CONTROL |
| campo de control |
EC-UNACH |
| 005 - FECHA Y HORA DE LA ÚLTIMA TRANSACCIÓN |
| campo de control |
20251021173654.0 |
| 006 - CÓDIGOS DE INFORMACIÓN DE LONGITUD FIJA--CARACTERÍSTICAS DEL MATERIAL ADICIONAL |
| campo de control de longitud fija |
s||||gr|||| 00| 00 |
| 008 - DATOS DE LONGITUD FIJA--INFORMACIÓN GENERAL |
| campo de control de longitud fija |
150116t9999 mx r gr 000 0 spa d |
| 020 ## - NÚMERO INTERNACIONAL ESTÁNDAR DEL LIBRO |
| Número Internacional Estándar del Libro |
978-84-8369-158-8 |
| 040 ## - FUENTE DE LA CATALOGACIÓN |
| Centro catalogador/agencia de origen |
EC-UNACH |
| Centro/agencia transcriptor |
EC-UNACH |
| 041 ## - CÓDIGO DE LENGUA |
| Código de lengua del texto/banda sonora o título independiente |
spa |
| 082 04 - NÚMERO DE LA CLASIFICACIÓN DECIMAL DEWEY |
| Número de edición |
23 |
| Número de clasificación |
657 |
| Número de documento/Ítem |
L017835 |
| 110 ## - ENTRADA PRINCIPAL--NOMBRE DE ENTIDAD CORPORATIVA |
| Nombre de entidad corporativa o nombre de jurisdicción como elemento de entrada |
Editorial Cultural s.a |
| 245 ## - MENCIÓN DE TÍTULO |
| Título |
Nueva Contabilidad General |
| 250 ## - MENCIÓN DE EDICIÓN |
| Mención de edición |
Primera edición |
| 264 ## - Producción, publicación, distribución, fabricación y copyright |
| Lugar de producción, publicación, distribución, fabricación |
España |
| Nombre del de productor, editor, distribuidor, fabricante |
Editorial Cultural s.a |
| Fecha de de producción, publicación, distribución, fabricación o copyright |
2009 |
| 300 ## - DESCRIPCIÓN FÍSICA |
| Extensión |
856 |
| 505 ## - NOTA DE CONTENIDO CON FORMATO |
| Nota de contenido con formato |
1- Definición y conceptos básicos de la contabilidad 2- teoría del patrimonio de las cuentas y su clasificación 3- principios contables 4- la partida doble etapas del proceso contable 5- Estados contables 6- Libros registro y obligaciones formales de la contabilidad 7- El plan general de contabilidad 8- Inmovilizado y gastos a distribuir en varios ejercicios 9- Existencias 10- Deudores 11- Cuentas financieras 12- Fondos propios 13- Ingresos a distribuir en varios ejercicios 14- Provisiones para riesgos y gastos 15- Acreedores a largo plazo 16- Acreedores a corto plazo 17- Ajustes por periodificación 18- Compras 19- Servicios exteriores y tributos 20- Gastos de personal 21- Otros gastos de gestión 22- Gastos financieros 23- Gastos extraordinarios 24- Dotaciones a las amortizaciones 25- Dotación a las provisiones y excesos de aplicaciones de provisiones 26- Ventas 27- Trabajos realizados para la empresa 28- Otros ingresos de gestión 29- Ingresos financieros 30- Ingresos extraordinarios 31- Regularización contable 32- Elaboración de las cuentas anuales 33- Normas de valoración inmovilizado material 34- Normas de valoración Inmovilizado inmaterial 35- Normas de valoración gastos amortizables 36-Normas de valoración , valores negociables acciones y obligaciones propias 37- Normas de valoración , créditos no comerciales deudas no comerciales 38- Normas de valoración , clientes , proveedores y acreedores de tráfico existencias , diferencias de cambio en moneda extranjera 39- Normas de valoración , compras y otros gastos 40- Normas de valoración , ventas y otros ingresos 41- Normas de valoración , dotaciones a la provisión para pensiones y obligaciones similares subvenciones de capital 42- Cambios de criterios contables 43- Us gaap |
| 650 ## - PUNTO DE ACCESO ADICIONAL DE MATERIA--TÉRMINO DE MATERIA |
| Término de materia o nombre geográfico como elemento inicial |
El concepto de la contabilidad. |
| 650 ## - PUNTO DE ACCESO ADICIONAL DE MATERIA--TÉRMINO DE MATERIA |
| Término de materia o nombre geográfico como elemento inicial |
Clasificación de la contabilidad con respeto al sujeto. |
| 650 ## - PUNTO DE ACCESO ADICIONAL DE MATERIA--TÉRMINO DE MATERIA |
| Término de materia o nombre geográfico como elemento inicial |
De las doctrinas contables a los ordenadores electrónicos. |
| 700 ## - PUNTO DE ACCESO ADICIONAL--NOMBRE DE PERSONA |
| Nombre de persona |
D Juan M. Aguirre Ormachea. |
| 942 ## - ELEMENTOS DE PUNTO DE ACCESO ADICIONAL (KOHA) |
| Fuente del sistema de clasificación o colocación |
Clasificación Decimal Dewey |
| Tipo de ítem Koha |
Libros |
| 999 ## - NÚMEROS DE CONTROL DE SISTEMA (KOHA) |
| Koha biblionumber |
14058 |